000 00713nam a2200265Ia 4500
005 20260121171922.0
008 008 260114s9999 xx 000 0 eng d
020 _a9789811533723
037 _aEBOOK
040 _aCRL
040 _beng
040 _cCRL
041 _2eng
041 _aeng
084 _qCRL
100 _aKuldeep Bauddh, Sanjeev Kumar, Rana Pratap Singh, John Korstad
_91082056
245 0 _aEcological and Practical Applications for Sustainable Agriculture
260 _bSpringer
260 _bSpringer
260 _c2020
856 _uhttps://link.springer.com/openurl?genre=book&isbn=978-981-15-3372-3
942 _cEBOOK
999 _c1647789
_d1647789